Biggest Cities in Goiás - Statistics

General Stats
  • This quiz has been taken 98 times
  • The average score is 11 of 20
Answers on the Map
Answers color-coded by a green-red scale on the quiz's map according to % correct below.
 
Answer Stats
Population City % Correct
1,530,290 Goiânia
100%
384,910 Anápolis
90%
589,550 Aparecida de Goiânia
90%
223,880 Rio Verde
73%
89,550 Caldas Novas
71%
197,300 Luziânia
58%
217,370 Águas Lindas de Goiás
56%
93,950 Jataí
56%
124,380 Trindade
56%
101,320 Itumbiara
54%
103,830 Catalão
52%
113,720 Formosa
52%
117,990 Senador Canedo
52%
172,140 Valparaíso de Goiás
52%
66,430 Goianésia
40%
62,170 Mineiros
40%
116,410 Novo Gama
38%
86,130 Planaltina
33%
68,110 Santo Antônio do Descoberto
31%
56,910 Cidade Ocidental
29%
No matching quizzes found
Score Distribution
Percent of People with Each Score
Percentile by Number Answered
Your Score History
You have not taken this quiz